000 00759nas a2200265 4500
001 BR2010000624
003 BR-BrBNA
005 20231205113859.0
007 ta
008 230509b bl.|||p| |||| 00| 00por d
040 _aBR-BrBNA
_bpor
_cBiblioteca Nacional de Agricultura
041 _a(Pt)
072 _aL70
100 1 _aYonezawa, L.A.
100 1 _aSilveira, V.F. da
100 1 _aMachado, L.P.
100 1 _aKohayagawa, A.
245 1 _aMarcadores cardíacos na medicina veterinária
650 _aVETERINARIA
650 _aLESÃO CARDÍACA
650 _aCORAÇÃO
773 0 _tCiência Rural (Brazil)
_xISSN 0103-8478
_g(Jan 2010), v. 40(1) p. 222-230
_wBR2010000624
909 _a202311
_bLúcia
_c55
_dLúcia Elande
942 _2AGRIS
_n0
_cANA
999 _c206087
_d206087